Insights of outstanding farmers
Uloženo v:
| Médium: | Kniha |
|---|---|
| Jazyk: | Undetermined |
| Vydáno: |
Manila, Philippines
International rice research intitute
1985
|
| Témata: | |
| Tagy: |
Přidat tag
Žádné tagy, Buďte první, kdo otaguje tento záznam!
|
| Thư viện lưu trữ: | Trung tâm Học liệu Trường Đại học Cần Thơ |
|---|
| LEADER | 00464nam a2200169Ia 4500 | ||
|---|---|---|---|
| 001 | CTU_122494 | ||
| 008 | 210402s9999 xx 000 0 und d | ||
| 082 | |a 630.9 | ||
| 082 | |b I.59 | ||
| 245 | 0 | |a Insights of outstanding farmers | |
| 260 | |a Manila, Philippines | ||
| 260 | |b International rice research intitute | ||
| 260 | |c 1985 | ||
| 650 | |a Agriculture | ||
| 650 | |x Research | ||
| 904 | |i Hiếu | ||
| 980 | |a Trung tâm Học liệu Trường Đại học Cần Thơ | ||